000 00865nam a2200265Ia 4500
003 OSt
005 20220923231005.0
006 a|||||r|||| 00| 0
007 ta
008 220922b |||||||| |||| 00| 0 hin d
024 _a349,892
037 _cTextual
040 _aARTS
_cARTS
_bhin
041 _2hin
_ahin
082 _aO152,3N59,DA, M3
100 _aशर्मा, राजीव, ले.
245 0 _aधूप और कोहरा
246 _aDhūp aur koharā
260 _aदिल्ली
_b हिमाचल पुस्तक भंडार
_c1983
300 _a136पृ.
_ccm.
650 _a हिन्दी साहित्य
_9156264
650 _aहिन्दी कहानी
942 _hO152,3N59,DA, M3
_cTEXL
_2CC
999 _c388645
_d388645